Normal view
MARC view
- Electronic Radio and Microwave physics
Entry Topical Term
001 - CONTROL NUMBER
- control field: 103901
003 - CONTROL NUMBER IDENTIFIER
- control field: NUST
005 - DATE AND TIME OF LATEST TRANSACTION
- control field: 20221201130427.0
008 - FIXED-LENGTH DATA ELEMENTS
- fixed length control field: 221201|| aca||aabn | a|a d
040 ## - CATALOGING SOURCE
- Original cataloging agency: NUST
- Transcribing agency: NUST
150 ## - HEADING--TOPICAL TERM
- Topical term or geographic name entry element: Electronic Radio and Microwave physics
670 ## - SOURCE DATA FOUND
- Source citation: Work cat.: (NUST)184228: Clark D.E 103900, Electronic Radio and Microwave physics /, 1961
